Nástroje a metódy manažérstva kvality pri budovaní TQM
Nadstavbové články systému kvality - aplikácia TQM a zlepšovanie systému kvality so zreteľom na zákazníka. Ciele TQM. Metódy a nástroje manažérstva kvality (pomocné, rozhodovacie, štatistické, plánovacie, tvorivé a i.). Charakteristika jednotlivých typov metód.
Na minha lista:
| Autor principal: | |
|---|---|
| Formato: | Capítulo de Livro |
| Idioma: | eslovaco |
| Assuntos: | |
| Tags: |
Sem tags, seja o primeiro a adicionar uma tag!
|
MARC
| LEADER | 00000naa a2200000 4500 | ||
|---|---|---|---|
| 001 | r040388 | ||
| 005 | 20231002065731.7 | ||
| 041 | 0 | |a slo | |
| 044 | |a SK | ||
| 245 | 1 | 0 | |a Nástroje a metódy manažérstva kvality pri budovaní TQM |c Monika Grambličková |
| 520 | |a Nadstavbové články systému kvality - aplikácia TQM a zlepšovanie systému kvality so zreteľom na zákazníka. Ciele TQM. Metódy a nástroje manažérstva kvality (pomocné, rozhodovacie, štatistické, plánovacie, tvorivé a i.). Charakteristika jednotlivých typov metód. | ||
| 610 | 2 | 0 | |a riadenie kvality |
| 610 | 2 | 0 | |a nástroje riadenia |
| 610 | 2 | 0 | |a metódy |
| 610 | 2 | 0 | |a TQM |
| 610 | 2 | 0 | |a systém riadenia kvality |
| 100 | 1 | |a Grambličková, Monika | |